|
|
|
|
| LEADER |
00000nab a2200000 a 4500 |
| 001 |
vtls009184547 |
| 003 |
SK-MaSNL |
| 005 |
20260304154049.0 |
| 008 |
250506c2005 xo |||||||||||000 b|slo |
| 015 |
|
|
|a SNBRA2008/02
|2 snkbucl
|
| 035 |
|
|
|a (uuid)7835920e-e5df-499e-b69e-ddae89d6bac1
|
| 035 |
|
|
|a urn:nbn:sk:snk-abab3o
|
| 035 |
|
|
|a (urnnbn)urn:nbn:sk:snk:ar-a09o0f
|
| 038 |
|
|
|a SNKBUCL
|
| 040 |
|
|
|a SNKBUCL
|b slo
|c SNKBUCL
|e AACR2
|
| 041 |
0 |
|
|a slo
|b ger
|
| 044 |
|
|
|a xo
|c SK
|
| 080 |
|
|
|a 630*85
|2 1997
|
| 080 |
|
|
|a 674.031.632.2
|2 1997
|
| 080 |
|
|
|a 630*7
|2 1997
|
| 100 |
1 |
|
|a Kolenka, Ivan,
|d 1939-
|4 aut
|9 111425
|
| 245 |
1 |
0 |
|a Analýza vplyvu nepravého jadra na trhové speňaženie bukového dreva
|c Ivan Kolenka, Marek Trenčiansky
|
| 300 |
|
|
|b Tab.
|
| 504 |
|
|
|a Bibliogr. odkazy
|
| 546 |
|
|
|a Res. nem.
|
| 650 |
0 |
7 |
|a buk
|2 snkbucl
|9 377515
|
| 650 |
0 |
7 |
|a nepravé jadro (drevárstvo)
|2 snkbucl
|9 1477566
|
| 650 |
0 |
7 |
|a bukové drevo
|2 snkbucl
|9 73023
|
| 650 |
0 |
7 |
|a speňaženie
|2 snkbucl
|9 1016395
|
| 700 |
1 |
|
|a Trenčiansky, Marek
|4 aut
|9 68728
|
| 773 |
0 |
|
|t Acta Facultatis Forestalis Zvolen. Slovakia. XLVII - 2005
|d Zvolen : Technická univerzita, 2005
|g S. 437-449
|x 0231-5785
|z 8022815799
|
| 850 |
|
|
|a Slovenská národná knižnica
|
| 852 |
|
|
|a Slovenská národná knižnica
|
| 954 |
|
|
|a odborná, vedecká literatúra pôvodná (slovenská)
|2 lita
|
| 958 |
|
|
|a article13
|
| 958 |
|
|
|a OND
|
| 958 |
|
|
|a NB
|
| 958 |
|
|
|a EUIPO
|
| 999 |
|
|
|c 2956119
|d 2958049
|